000 00456nam a2200193Ia 4500
005 20250603145518.0
008 250603s9999 xx 000 0 und d
020 _a9781451175356
050 _aRM 301.13 .R67/
100 _a Rosenfeld, Gary C.
245 0 _aPharmacology
250 _a6th ed.
260 _aPhiladelphia
260 _bLippincott Williams & Wilkins,
260 _c2014
300 _a376 p
650 _aPhiladelphia
942 _cBK
999 _c42075
_d42075